Χρηματιστήριο αξιών

Saved in:
Bibliographic Details
Main Author: Βούλγαρη-Παπαγεωργίου, Ευμορφία
Format: Book
Language:Greek
Published: Αθήνα : Σύγχρονη Εποχή, 1994.
Subjects:
Tags: Add Tag
No Tags, Be the first to tag this record!

MARC

LEADER 00000cam a2200000 i 4500
001 1/75127
008 050412s1994 gr | ||| |||| ||gre||
020 |a 960-7344-30-8 
035 |l 10077616 
040 |a GR-MyUA  |b gre  |e AACR2 
041 0 |a gre 
082 0 |a 332.642495  |2 (21) 
100 1 |a Βούλγαρη-Παπαγεωργίου, Ευμορφία. 
245 1 0 |a Χρηματιστήριο αξιών /   |c Ευμ. Βούλγαρη-Παπαγεωργίου.  
246 3 3 |a Χρηματιστήριο αξιών 
260 |a Αθήνα :   |b Σύγχρονη Εποχή,   |c 1994.  
300 |a 244 σ. :   |b εικ., διαγρ. ;   |c 24 εκ.  
504 |a Περιέχει βιβλιογραφικές αναφορές.  
650 0 0 |a Stock exchanges  |z Greece. 
852 |a INST  |b SAMOS  |e 20050412  |h 332.642495 ΒΟΥ  |p 005300025215  |q 005300025215  |t BK  |y 0 
901 |a BIBL3-2005-1 
909 |a Σ  |b 114476 
970 |a ΜΑΛΑΓΑΡΗ  |b ΦΩΤΕΙΝΗ  |z 2005/04/12